| 000 | 00356nam a22001217a 4500 | ||
|---|---|---|---|
| 082 | _a294.555 GEO | ||
| 100 | _aGeorge, C.H. | ||
| 245 | _aRamakrishna Mission and Its Contribution Towards harmonious Inter-Faith Relations: An Appraisal | ||
| 260 |
_aHyderabad _bHenry Martyn Institute _c2018 |
||
| 300 | _a95 | ||
| 650 | _aRamakrishna Mission | ||
| 942 | _cTHES | ||
| 999 |
_c21209 _d21209 |
||